Makeup Brands by Clue - Statistics

General Stats
  • This quiz has been taken 727 times
  • The average score is 6 of 12
Answer Stats
Hint Answer % Correct
The founder, Gabrielle, is also known as "Coco". Chanel
79%
Is an acronym for Make-up Art Cosmetics. M.A.C
79%
Maybe she's born with it. Maybe it's ________. Maybelline NY
74%
Eyes.Lips.Face. e.l.f. Cosmetics
72%
Shares the name with a dairy product. Milk Makeup
66%
A famous singer has trademarked her surname. Fenty Beauty
57%
This brand wouldn't exist without KUWTK. Kylie Cosmetics
54%
It's considered the world's largest beauty and cosmetics group. L'oreal
50%
"Naked" eyeshadow palettes are brands bestsellers. Urban Decay
50%
A world famous French luxury goods company. Dior
46%
Founded by Maksymilian Faktorowicz. Max Factor
14%
A French cosmetic company whose face primer costs $192.00. Sisley Paris
4%
No matching quizzes found
Score Distribution
Percent of People with Each Score
Percentile by Number Answered
Your Score History
You have not taken this quiz